000 00436nam a2200157Ia 4500
008 180921t1994 xxu||||| |||| 00| 0 eng d
041 _aeng
080 _a631.67
_bSVE
100 _aSvendsen, Mark
245 _aIrrigation management transfer in yhe columbia basin
260 _bIntertional irrigation management institute
_c1994
300 _a94p., 26 cm
942 _cBK
999 _c15731
_d15731
003 LK-CoDNM
040 _aLK-CoDNM
_dLK-CoDNM
_eLK-CoDNM